00592 2200217 4500001002100000005001500021035002000036007000300056008004100059020002200100082001000122084001600132100001300148245005000161260003700211300003600248650003800284520003000322990001100352990001100363INLIS00000000000454120191128032647 a0010-1119000168ta191128 g 0 ind  a978-602-6643-56-8 a370.3 a370.3 NGA e0 aNGALIMUN1 aEvaluasi & Penilaian Pembelajaran /cNgalimun aYogyakarta :bParama Ilmu,c2018 axiv, 299 hlm. :bilus. ;c21 cm 4aPENDIDIKAN. EVALUASI PEMBELAJARAN aBibliografi: hlm. 295-299 a7240 a a7240 b